|
|
|
|
| LEADER |
01457nam a2200373 i 4500 |
| 001 |
EBC5992511 |
| 003 |
MiAaPQ |
| 005 |
20200102145030.0 |
| 006 |
m o d | |
| 007 |
cr cnu|||||||| |
| 008 |
200102s2019 enk o 000 0 eng d |
| 020 |
|
|
|z 9781839098383
|
| 020 |
|
|
|a 9781839098390 (e-book)
|
| 035 |
|
|
|a (MiAaPQ)EBC5992511
|
| 035 |
|
|
|a (Au-PeEL)EBL5992511
|
| 035 |
|
|
|a (OCoLC)1130901334
|
| 040 |
|
|
|a MiAaPQ
|b eng
|e rda
|e pn
|c MiAaPQ
|d MiAaPQ
|
| 050 |
|
4 |
|a GV707
|b .S667 2019
|
| 082 |
0 |
|
|a 796
|2 23
|
| 245 |
0 |
0 |
|a Sport and wellbeing /
|c guest editor, Kate Westberg and Sarah Jane Kelly.
|
| 264 |
|
1 |
|a Bradford, West Yorkshire :
|b Emerald Publishing,
|c 2019.
|
| 300 |
|
|
|a 1 online resource (104 pages)
|
| 336 |
|
|
|a text
|b txt
|2 rdacontent
|
| 337 |
|
|
|a computer
|b c
|2 rdamedia
|
| 338 |
|
|
|a online resource
|b cr
|2 rdacarrier
|
| 588 |
|
|
|a Description based on print version record.
|
| 590 |
|
|
|a Electronic reproduction. Ann Arbor, MI : ProQuest, 2018. Available via World Wide Web. Access may be limited to ProQuest affiliated libraries.
|
| 650 |
|
0 |
|a Sports.
|
| 655 |
|
4 |
|a Electronic books.
|
| 700 |
1 |
|
|a Westberg, Kate,
|e editor.
|
| 700 |
1 |
|
|a Kelly, Sarah Jane,
|e editor.
|
| 776 |
0 |
8 |
|i Print version:
|t Sport and wellbeing.
|d Bradford, West Yorkshire : Emerald Publishing, 2019
|h 104 pages
|z 9781839098383
|
| 797 |
2 |
|
|a ProQuest (Firm)
|
| 856 |
4 |
0 |
|u https://ebookcentral.proquest.com/lib/matrademy/detail.action?docID=5992511
|z Click to View
|